| 000 -LEADER |
| fixed length control field |
00827pam a2200241 a 4500 |
| 020 ## - INTERNATIONAL STANDARD BOOK NUMBER |
| ISBN |
156247815X |
| 020 ## - INTERNATIONAL STANDARD BOOK NUMBER |
| ISBN |
1562477595 (pbk.) |
| 040 ## - CATALOGING SOURCE |
| Transcribing agency |
DLC |
| 082 00 - DEWEY DECIMAL CLASSIFICATION NUMBER |
| Classification number |
685 PLE 1999 A037 Or. |
| 100 1# - MAIN ENTRY--AUTHOR NAME |
| Personal name |
Jones, Elizabeth McDavid, |
| 245 14 - TITLE STATEMENT |
| Title |
The night flyers / |
| 250 ## - EDITION STATEMENT |
| Edition statement |
1st ed. |
| 260 ## - PUBLICATION, DISTRIBUTION, ETC. (IMPRINT) |
| Place of publication |
Middleton, Wis. : |
| Name of publisher |
Pleasant Co. Publications, |
| Year of publication |
c1999. |
| 300 ## - PHYSICAL DESCRIPTION |
| Number of Pages |
145 p. : |
| Other physical details |
col. ill., map ; |
| Dimensions |
20 cm. |
| 500 ## - GENERAL NOTE |
| General note |
"American girl." |
| 520 ## - SUMMARY, ETC. |
| Summary, etc |
In 1918, caring for her family's homing pigeons while her father is away fighting in World War I, twelve-year-old Pam comes to suspect that a mysterious stranger in her small North Carolina town is a German spy. |
| 650 #0 - SUBJECT ADDED ENTRY--TOPICAL TERM |
| Topical Term |
World War, 1914-1918 |
| 650 #1 - SUBJECT ADDED ENTRY--TOPICAL TERM |
| Topical Term |
World War, 1914-1918 |
| 650 #1 - SUBJECT ADDED ENTRY--TOPICAL TERM |
| Topical Term |
Homing pigeons |
| 650 #1 - SUBJECT ADDED ENTRY--TOPICAL TERM |
| Topical Term |
Pigeons |
| 650 #1 - SUBJECT ADDED ENTRY--TOPICAL TERM |
| Topical Term |
Spies |
| 942 ## - ADDED ENTRY ELEMENTS (KOHA) |
| Koha item type |
សៀវភៅភាសាអង់គ្លេស |
| 952 ## - LOCATION AND ITEM INFORMATION (KOHA) |
| Withdrawn status [LOCAL, KOHA] |
0 |